[Event "Ica La Tinguina Cup"]
[Site "Ica"]
[Date "2023.11.26"]
[Round "6"]
[White "Farfan Tipacti, Camilo"]
[Black "Ramirez Bendezu, Maryand Luana"]
[Result "1/2-1/2"]
[WhiteElo "1200"]
[BlackElo "1211"]
[PlyCount "25"]
[EventDate "2023.11.25"]
[EventType "tourn"]
[EventRounds "9"]
[EventCountry "PER"]
[SourceTitle "CB49_2023"]
[SourceDate "2023.12.06"]
[SourceVersion "1"]
[SourceVersionDate "2023.12.06"]
[SourceQuality "1"]

1. d4 d5 2. c4 e6 3. Nf3 Nc6 4. g3 g6 5. cxd5 exd5 6. Nc3 Bg7 7. Bg2 Nf6 8. Bf4 a6 9. Rc1 0-0 10. Ne5 Ne7 11. 0-0 c6 12. Na4 Nf5 13. f3 1/2-1/2

[Event "Ica La Tinguina Cup"]
[Site "Ica"]
[Date "2023.11.26"]
[Round "8"]
[White "Farfan Tipacti, Camilo"]
[Black "Tacas Granda, Natalia Lisseth"]
[Result "1-0"]
[WhiteElo "1200"]
[BlackElo "1247"]
[PlyCount "27"]
[EventDate "2023.11.25"]
[EventType "tourn"]
[EventRounds "9"]
[EventCountry "PER"]
[SourceTitle "CB49_2023"]
[SourceDate "2023.12.06"]
[SourceVersion "1"]
[SourceVersionDate "2023.12.06"]
[SourceQuality "1"]

1. d4 d5 2. c4 e6 3. Nf3 Nf6 4. g3 b6 5. Bg2 Bb7 6. Nc3 Be7 7. 0-0 Nbd7 8. Bf4 0-0 9. Qc2 c5 10. cxd5 Nxd5 11. Nxd5 exd5 12. Rac1 Rc8 13. Qd2 Nf6 14. Ne5 1-0